000 00297nam a2200121Ia 4500
008 240731s9999 xx 000 0 und d
022 _a1547-7487
245 4 _aThe Communication Review
260 _bRoutledge
856 _uhttps://www.tandfonline.com/loi/gcrv20
942 _2ddc
942 _cTFEJ
999 _c79882
_d79882
945 _a1
_bMadushi Gamage
_c1
_dMadushi Gamage